[Event "Madrid-ch Superveteranos +65 2019"]
[Site "Madrid ESP"]
[Date "2019.01.21"]
[Round "1.1"]
[White "Pastor Alonso De Prado, Alberto"]
[Black "Tome Salvador, Jose Antonio"]
[Result "1-0"]
[WhiteElo "2147"]
[BlackElo "1610"]
[PlyCount "81"]
[EventDate "2019.01.21"]
[EventType "swiss"]
[EventRounds "7"]
[EventCountry "ESP"]
[SourceTitle "Ajedrez en Madrid"]
[Source "lmi"]
[SourceDate "2019.01.21"]
[SourceVersion "1"]
[SourceVersionDate "2019.01.30"]
[SourceQuality "1"]

1. e4 e5 2. Nf3 Nc6 3. Bb5 d6 4. d4 exd4 5. Qxd4 Bd7 6. Qe3 Nf6 7. O-O Be7 8.
Rd1 O-O 9. Nc3 Ng4 10. Qe2 Nge5 11. Nxe5 Nxe5 12. Bxd7 Nxd7 13. Nd5 Re8 14. Qc4
Rc8 15. f3 Bf8 16. b3 Nb6 17. Nxb6 axb6 18. Bb2 Qg5 19. Rd5 Qg6 20. Rad1 Qe6
21. Qc3 f6 22. a4 c6 23. R5d2 Qe5 24. Qc4+ Qe6 25. Qxe6+ Rxe6 26. Bd4 c5 27.
Bf2 g6 28. Rd5 Re5 29. Kf1 Rxd5 30. Rxd5 Be7 31. Ke2 Re8 32. Kd3 Kf7 33. Bg3
Ke6 34. Kc4 Rc8 35. f4 f5 36. exf5+ gxf5 37. Rd2 Kd7 38. Re2 Re8 39. Kd5 Rf8
40. Re6 Rf6 41. Rxe7+ 1-0

[Event "Madrid-ch Superveteranos +65 2019"]
[Site "Madrid ESP"]
[Date "2019.01.21"]
[Round "1.2"]
[White "Lopez Oneto, Manuel"]
[Black "Gonzalez Rivera, Eduardo"]
[Result "0-1"]
[WhiteElo "1563"]
[BlackElo "2025"]
[PlyCount "96"]
[EventDate "2019.01.21"]
[EventType "swiss"]
[EventRounds "7"]
[EventCountry "ESP"]
[SourceTitle "Ajedrez en Madrid"]
[Source "lmi"]
[SourceDate "2019.01.21"]
[SourceVersion "1"]
[SourceVersionDate "2019.01.30"]
[SourceQuality "1"]

1. e4 e5 2. Nf3 Nc6 3. Bb5 a6 4. Ba4 Nf6 5. d3 b5 6. Bb3 Be7 7. c3 O-O 8. O-O
d6 9. h3 Na5 10. Bc2 c5 11. Nbd2 Qc7 12. Re1 Re8 13. Nf1 Nc6 14. Bg5 Nd8 15.
Ne3 Ne6 16. Bxf6 Bxf6 17. Nd5 Qd8 18. a4 Bb7 19. Bb3 Nf4 20. Nxf6+ Qxf6 21. Kh2
Bc6 22. g3 Ng6 23. Qe2 Ne7 24. Kg2 h6 25. Nd2 g5 26. Qg4 Qg6 27. h4 d5 28. axb5
axb5 29. Rxa8 Bxa8 30. Re3 dxe4 31. dxe4 gxh4 32. Qxg6+ Nxg6 33. Rf3 c4 34. Bc2
hxg3 35. Rxg3 Kh7 36. Kf1 Nf4 37. Ke1 Rg8 38. Rxg8 Kxg8 39. Nf3 f6 40. Nh4 Kg7
41. Kd2 h5 42. f3 Kh6 43. b3 Kg5 44. Nf5 h4 45. bxc4 bxc4 46. Ba4 h3 47. Bb5
Nh5 48. Bxc4 h2 0-1

[Event "Madrid-ch Superveteranos +65 2019"]
[Site "Madrid ESP"]
[Date "2019.01.21"]
[Round "1.3"]
[White "Ciuro Muñoz, Ricardo"]
[Black "De Juan Rivas, Antonio"]
[Result "1-0"]
[WhiteElo "1994"]
[BlackElo "1560"]
[PlyCount "37"]
[EventDate "2019.01.21"]
[EventType "swiss"]
[EventRounds "7"]
[EventCountry "ESP"]
[SourceTitle "Ajedrez en Madrid"]
[Source "lmi"]
[SourceDate "2019.01.21"]
[SourceVersion "1"]
[SourceVersionDate "2019.01.30"]
[SourceQuality "1"]

1. e4 d6 2. d4 Nf6 3. Nc3 g6 4. f3 Bg7 5. Be3 c6 6. Qd2 e5 7. O-O-O O-O 8. dxe5
Ne8 9. exd6 Be5 10. Bh6 Qf6 11. Nge2 Ng7 12. f4 Bxc3 13. Nxc3 Re8 14. e5 Qf5
15. h3 Qh5 16. Bg5 Bg4 17. Be2 Bxe2 18. Nxe2 f5 19. Ng3 1-0

[Event "Madrid-ch Superveteranos +65 2019"]
[Site "Madrid ESP"]
[Date "2019.01.21"]
[Round "1.4"]
[White "Mendez Rodriguez, Carlos"]
[Black "Guillen Marco, Jose Antonio"]
[Result "0-1"]
[WhiteElo "1558"]
[BlackElo "1919"]
[PlyCount "60"]
[EventDate "2019.01.21"]
[EventType "swiss"]
[EventRounds "7"]
[EventCountry "ESP"]
[SourceTitle "Ajedrez en Madrid"]
[Source "lmi"]
[SourceDate "2019.01.21"]
[SourceVersion "1"]
[SourceVersionDate "2019.01.30"]
[SourceQuality "1"]

1. Nf3 d5 2. c4 c6 3. d4 Nf6 4. Nbd2 Bf5 5. Nh4 Bg6 6. e3 e6 7. Be2 Bd6 8. O-O
Nbd7 9. Bf3 Be4 10. Nxe4 Nxe4 11. g3 Ndf6 12. cxd5 exd5 13. Nf5 O-O 14. Nxd6
Nxd6 15. Bg2 Re8 16. Bd2 Nc4 17. Bc1 Ne4 18. b3 Ncd6 19. Qd3 Qd7 20. Bb2 Qf5
21. Rae1 Nxg3 22. Qxf5 Ngxf5 23. Re2 Nh4 24. Bh3 Nf3+ 25. Kh1 Ng5 26. Bg2 Re6
27. Rg1 Rh6 28. Ba3 Nf5 29. Bc1 Nh3 30. e4 Nxf2+ 0-1

[Event "Madrid-ch Superveteranos +65 2019"]
[Site "Madrid ESP"]
[Date "2019.01.21"]
[Round "1.6"]
[White "Diaz Begonte, Manuel"]
[Black "Lopez Heras, Arturo"]
[Result "0-1"]
[WhiteElo "1552"]
[BlackElo "1858"]
[PlyCount "88"]
[EventDate "2019.01.21"]
[EventType "swiss"]
[EventRounds "7"]
[EventCountry "ESP"]
[SourceTitle "Ajedrez en Madrid"]
[Source "lmi"]
[SourceDate "2019.01.21"]
[SourceVersion "1"]
[SourceVersionDate "2019.01.30"]
[SourceQuality "1"]

1. d4 d5 2. e3 Bf5 3. Bd3 Bxd3 4. cxd3 e6 5. Nf3 Nf6 6. O-O Be7 7. Nc3 O-O 8.
e4 c6 9. Bg5 Na6 10. Rc1 Re8 11. Re1 h6 12. Bh4 Nxe4 13. Rxe4 g5 14. Rg4 f5 15.
Rg3 Kf8 16. Nxg5 Bxg5 17. Bxg5 hxg5 18. Qh5 Qf6 19. Qxg5 Qxg5 20. Rxg5 Kf7 21.
f4 Rg8 22. h4 Nb4 23. Rd1 Nc2 24. Ne2 Rxg5 25. hxg5 Rh8 26. Kf2 Rh2 27. Rd2 Nb4
28. a3 Na6 29. b4 Rh1 30. Ng1 Rh4 31. Nf3 Rh1 32. Ng1 Nc7 33. Rc2 Nb5 34. Nf3
Ra1 35. Ne5+ Kg7 36. Ke3 Rxa3 37. Rb2 Ra1 38. Nf3 Rc1 39. Kd2 Ra1 40. Kc2 Rf1
41. Kb3 Rc1 42. Re2 Rd1 43. Rd2 Rxd2 44. Nxd2 Nxd4+ 0-1

[Event "Madrid-ch Superveteranos +65 2019"]
[Site "Madrid ESP"]
[Date "2019.01.21"]
[Round "1.7"]
[White "Rueda Maria, Ramiro"]
[Black "Fernandez-Bujarrabal V., Pedro"]
[Result "1-0"]
[WhiteElo "1819"]
[BlackElo "1502"]
[PlyCount "79"]
[EventDate "2019.01.21"]
[EventType "swiss"]
[EventRounds "7"]
[EventCountry "ESP"]
[SourceTitle "Ajedrez en Madrid"]
[Source "lmi"]
[SourceDate "2019.01.21"]
[SourceVersion "1"]
[SourceVersionDate "2019.01.30"]
[SourceQuality "1"]

1. c4 e5 2. Nc3 Nf6 3. Nf3 Nc6 4. g3 d5 5. cxd5 Nxd5 6. d3 Be6 7. Bg2 f6 8. O-O
Bc5 9. a3 a5 10. Qc2 Nd4 11. Nxd4 Bxd4 12. e3 Bb6 13. d4 exd4 14. exd4 O-O 15.
Qe4 Re8 16. Nxd5 Bf7 17. Qf3 Bxd4 18. Nc3 b6 19. Bf4 Qd7 20. Rad1 c5 21. Qd3
Rad8 22. Be3 Bg6 23. Qd2 Qe7 24. Bxd4 cxd4 25. Nd5 Qe2 26. Qxd4 Kf8 27. Qxb6
Bf7 28. Nc3 Qe7 29. Rxd8 Rxd8 30. Qxa5 Bc4 31. Rc1 Rd2 32. Nd5 Qe2 33. Qc5+ Kf7
34. Qe7+ Qxe7 35. Nxe7 Kxe7 36. Rxc4 Rxb2 37. Rc7+ Kf8 38. a4 Ra2 39. Bc6 Ra1+
40. Kg2 1-0

[Event "Madrid-ch Superveteranos +65 2019"]
[Site "Madrid ESP"]
[Date "2019.01.21"]
[Round "1.8"]
[White "Arroyo Fraile, Mario"]
[Black "Garcia Esteban, Ignacio"]
[Result "0-1"]
[WhiteElo "1502"]
[BlackElo "1807"]
[PlyCount "66"]
[EventDate "2019.01.21"]
[EventType "swiss"]
[EventRounds "7"]
[EventCountry "ESP"]
[SourceTitle "Ajedrez en Madrid"]
[Source "lmi"]
[SourceDate "2019.01.21"]
[SourceVersion "1"]
[SourceVersionDate "2019.01.30"]
[SourceQuality "1"]

1. c4 e5 2. Nc3 Nf6 3. g3 Bc5 4. Bg2 O-O 5. d3 c6 6. Nf3 Re8 7. O-O d5 8. cxd5
cxd5 9. Bg5 Nc6 10. a3 Be7 11. b4 h6 12. Bd2 a6 13. Rb1 Bd7 14. e3 Bf5 15. Ne1
e4 16. dxe4 dxe4 17. Qc2 Rc8 18. Rd1 Ne5 19. Qb1 Bg4 20. f3 exf3 21. Bxf3 Nxf3+
22. Nxf3 Qc7 23. Rc1 Qd7 24. Rcd1 Bd6 25. Bc1 Rxc3 26. Bb2 Rcxe3 27. Rd3 Bxf3
28. Rxf3 Re1+ 29. Rf1 Rxb1 30. Rxb1 Qe6 31. Rbd1 Be5 32. Re3 Qb6 33. Bc1 Ng4
0-1

[Event "Madrid-ch Superveteranos +65 2019"]
[Site "Madrid ESP"]
[Date "2019.01.21"]
[Round "1.9"]
[White "Cruz Gonzalez, Antonio"]
[Black "Ghavami, Mahmoud"]
[Result "1-0"]
[WhiteElo "1790"]
[BlackElo "1491"]
[PlyCount "151"]
[EventDate "2019.01.21"]
[EventType "swiss"]
[EventRounds "7"]
[EventCountry "ESP"]
[SourceTitle "Ajedrez en Madrid"]
[Source "lmi"]
[SourceDate "2019.01.21"]
[SourceVersion "1"]
[SourceVersionDate "2019.01.30"]
[SourceQuality "1"]

1. e4 c6 2. d4 d5 3. e5 Bf5 4. Bd3 Bxd3 5. Qxd3 e6 6. Nf3 Qb6 7. Nbd2 Nd7 8.
Nb3 c5 9. c4 Qb4+ 10. Bd2 Qxc4 11. Qxc4 dxc4 12. Nxc5 Bxc5 13. dxc5 Nxc5 14.
Rc1 Nd3+ 15. Ke2 Nxc1+ 16. Rxc1 Ne7 17. Nd4 a6 18. Rxc4 Rc8 19. Rb4 Rc7 20. Rb3
O-O 21. Rg3 Rfc8 22. Bh6 Ng6 23. Be3 Nxe5 24. Bf4 f6 25. Nxe6 Re7 26. Nd4 Nc6+
27. Kd3 Nxd4 28. Kxd4 Rd7+ 29. Ke4 Rc4+ 30. Kf3 Rd3+ 31. Be3 Rc2 32. Ke4 Rd7
33. Bd4 Kf7 34. f4 Rc4 35. Rd3 g6 36. Ke3 f5 37. g3 b5 38. Bc3 Re7+ 39. Kd2 b4
40. Be5 Ke8 41. b3 Rc6 42. Bd6 Re4 43. Be5 Ke7 44. Rd5 Rc8 45. h4 Rd8 46. Bf6+
Kxf6 47. Rxd8 h6 48. Rd6+ Kf7 49. Rxa6 g5 50. fxg5 hxg5 51. hxg5 Rg4 52. Rf6+
Kg7 53. Rxf5 Rxg3 54. Rb5 Kg6 55. Ke2 Rg2+ 56. Kd3 Rg3+ 57. Ke2 Rg2+ 58. Kd3
Rg3+ 59. Kc4 Rg4+ 60. Kc5 Kxg5 61. Rxb4 Rg2 62. a4 Kf6 63. Rb6+ Ke7 64. a5 Kd7
65. b4 Rg5+ 66. Kc4 Kc7 67. Kb3 Rh5 68. Ka4 Rh4 69. Rg6 Rf4 70. a6 Rf1 71. Ka5
Ra1+ 72. Kb5 Rb1 73. Rg7+ Kb8 74. Ka5 Ka8 75. b5 Rb2 76. Kb6 1-0

[Event "Madrid-ch Superveteranos +65 2019"]
[Site "Madrid ESP"]
[Date "2019.01.21"]
[Round "1.10"]
[White "Salgado Duarte, Pablo"]
[Black "Martin-Consuegra Barrilero, Francisco Javier"]
[Result "0-1"]
[WhiteElo "1480"]
[BlackElo "1775"]
[PlyCount "98"]
[EventDate "2019.01.21"]
[EventType "swiss"]
[EventRounds "7"]
[EventCountry "ESP"]
[SourceTitle "Ajedrez en Madrid"]
[Source "lmi"]
[SourceDate "2019.01.21"]
[SourceVersion "1"]
[SourceVersionDate "2019.01.30"]
[SourceQuality "1"]

1. d4 d6 2. e4 Nf6 3. Nc3 e5 4. dxe5 dxe5 5. Qxd8+ Kxd8 6. Bc4 Be6 7. Bxe6 fxe6
8. Nf3 Nc6 9. Bg5 a6 10. Rd1+ Ke8 11. a3 Bd6 12. O-O Rf8 13. Rfe1 h6 14. Bd2
Nd7 15. b4 Nd4 16. Nxd4 exd4 17. Ne2 e5 18. Ng3 Rf7 19. Nf5 Nb6 20. c3 dxc3 21.
Bxc3 Nc4 22. a4 b5 23. a5 Rd8 24. Nxd6+ cxd6 25. Rd5 Rc8 26. Rd3 Rfc7 27. Bd2
Ke7 28. Be3 Ke6 29. f3 Nxe3 30. Rdxe3 Rc4 31. Rb3 g5 32. h3 Rc2 33. Kh2 R8c4
34. Kg3 d5 35. exd5+ Kxd5 36. Rd3+ Rd4 37. Rxd4+ exd4 38. Re7 Rc6 39. Kf2 Kc4
40. Re5 Kd3 41. Re1 Rc2+ 42. Kf1 Kc3 43. Rd1 d3 44. g3 Rh2 45. Kg1 Rb2 46. h4
Rxb4 47. hxg5 hxg5 48. Kf2 Rb2+ 49. Ke3 Re2# 0-1

[Event "Madrid-ch Superveteranos +65 2019"]
[Site "Madrid ESP"]
[Date "2019.01.21"]
[Round "1.11"]
[White "Fernandez Garcia, Ignacio"]
[Black "Becerra Baigorri, Jose"]
[Result "1-0"]
[WhiteElo "1769"]
[BlackElo "1479"]
[PlyCount "97"]
[EventDate "2019.01.21"]
[EventType "swiss"]
[EventRounds "7"]
[EventCountry "ESP"]
[SourceTitle "Ajedrez en Madrid"]
[Source "lmi"]
[SourceDate "2019.01.21"]
[SourceVersion "1"]
[SourceVersionDate "2019.01.30"]
[SourceQuality "1"]

1. e4 e5 2. Nf3 Nc6 3. Bc4 Bc5 4. d3 d6 5. h3 Nf6 6. Nc3 h6 7. g4 Na5 8. g5
hxg5 9. Bxg5 Nxc4 10. dxc4 Be6 11. Qe2 Bb4 12. Bd2 Rxh3 13. O-O-O Rxh1 14. Rxh1
Ke7 15. Qd3 Bxc3 16. Bxc3 Qd7 17. b3 Rg8 18. Qe3 b6 19. Rd1 Qc6 20. Nd2 Rh8 21.
Rg1 Rh3 22. f3 g6 23. Qg5 Rh5 24. Qg2 b5 25. f4 bxc4 26. fxe5 dxe5 27. Kb2 cxb3
28. axb3 Kf8 29. Ra1 Qb7 30. Ra5 Ng4 31. Qf1 Ne3 32. Qa1 a6 33. Qa3+ Kg8 34.
Bxe5 Nc4+ 35. Nxc4 Bxc4 36. Qe7 Rxe5 37. Qxe5 Bb5 38. Ra1 Be2 39. Rh1 Bh5 40.
Rf1 Qb5 41. Qf6 Qe8 42. Rf2 Qd7 43. Qc3 Bg4 44. Rd2 Qe7 45. Rd4 Be6 46. Ra4 Qd6
47. Rb4 c5 48. Ra4 g5 49. Ra5 1-0

[Event "Madrid-ch Superveteranos +65 2019"]
[Site "Madrid ESP"]
[Date "2019.01.21"]
[Round "1.12"]
[White "Antolin Palenzuela, Francisco J"]
[Black "Perez Cameselle, Francisco"]
[Result "0-1"]
[WhiteElo "1462"]
[BlackElo "1767"]
[PlyCount "108"]
[EventDate "2019.01.21"]
[EventType "swiss"]
[EventRounds "7"]
[EventCountry "ESP"]
[SourceTitle "Ajedrez en Madrid"]
[Source "lmi"]
[SourceDate "2019.01.21"]
[SourceVersion "1"]
[SourceVersionDate "2019.01.30"]
[SourceQuality "1"]

1. e4 g6 2. d4 d6 3. c4 Nf6 4. Nc3 Bg7 5. h3 Nbd7 6. Nf3 O-O 7. Be3 c6 8. Bd3
e5 9. d5 Qa5 10. O-O Nc5 11. Bxc5 Qxc5 12. a3 a5 13. Qc2 cxd5 14. cxd5 Bd7 15.
Nd2 Rac8 16. Nf3 b5 17. Qd2 b4 18. axb4 axb4 19. Na4 Bxa4 20. Rxa4 b3 21. Rc4
Qa7 22. Rfc1 Rxc4 23. Rxc4 Nd7 24. Qc1 Nc5 25. Bf1 Ra8 26. Nd2 Bh6 27. Qc3 Bxd2
28. Qxd2 Qa1 29. Rc1 Qa5 30. Qxa5 Rxa5 31. f3 Ra2 32. Rb1 f5 33. Bc4 fxe4 34.
fxe4 Ra4 35. Rc1 Rb4 36. Rc3 Nxe4 37. Rxb3 Rxc4 38. Rb7 Rc5 39. b4 Rxd5 40. b5
Rd1+ 41. Kh2 Rb1 42. b6 d5 43. Re7 Rxb6 44. Rxe5 Rd6 45. Kg1 Kf7 46. Kf1 Kf6
47. Re8 Kf5 48. Ke2 Ra6 49. Kd3 Nf6 50. Re2 Ra3+ 51. Kd4 Ra4+ 52. Kd3 Ne4 53.
Rc2 Ke5 54. g4 Ra3+ 0-1

[Event "Madrid-ch Superveteranos +65 2019"]
[Site "Madrid ESP"]
[Date "2019.01.21"]
[Round "1.13"]
[White "Ortega Morales, Pedro"]
[Black "Sanchez Lucena, Juan"]
[Result "1-0"]
[WhiteElo "1763"]
[BlackElo "1454"]
[PlyCount "83"]
[EventDate "2019.01.21"]
[EventType "swiss"]
[EventRounds "7"]
[EventCountry "ESP"]
[SourceTitle "Ajedrez en Madrid"]
[Source "lmi"]
[SourceDate "2019.01.21"]
[SourceVersion "1"]
[SourceVersionDate "2019.01.30"]
[SourceQuality "1"]

1. d4 d5 2. Bf4 e6 3. Nf3 Nf6 4. e3 h6 5. h3 a6 6. Nbd2 c5 7. c3 c4 8. Qc2 Bd6
9. Ne5 Qe7 10. Be2 Bc7 11. b3 b5 12. O-O Bxe5 13. Bxe5 O-O 14. a4 Bb7 15. axb5
axb5 16. Rxa8 Bxa8 17. Ra1 Nc6 18. Bg3 Bb7 19. bxc4 bxc4 20. e4 Ra8 21. Rxa8+
Bxa8 22. Qa2 Qb7 23. Bf3 Qa7 24. Qb2 Qb7 25. Qc2 Ne7 26. e5 Nh7 27. Nxc4 Ng5
28. Nd6 Nxf3+ 29. gxf3 Qd7 30. Qb3 Bc6 31. Qb8+ Kh7 32. Nxf7 Nf5 33. Nd6 Nxg3
34. fxg3 Qe7 35. Qb1+ Kg8 36. f4 Bd7 37. Qd3 Qf8 38. Kg2 Qb8 39. Kf3 Qa8 40.
Kg4 Be8 41. f5 exf5+ 42. Qxf5 1-0

[Event "Madrid-ch Superveteranos +65 2019"]
[Site "Madrid ESP"]
[Date "2019.01.21"]
[Round "1.14"]
[White "Abad Martin-Camuñas, Luis"]
[Black "Barahona Torrijos, Angel"]
[Result "0-1"]
[WhiteElo "1369"]
[BlackElo "1735"]
[PlyCount "43"]
[EventDate "2019.01.21"]
[EventType "swiss"]
[EventRounds "7"]
[EventCountry "ESP"]
[SourceTitle "Ajedrez en Madrid"]
[Source "lmi"]
[SourceDate "2019.01.21"]
[SourceVersion "1"]
[SourceVersionDate "2019.01.30"]
[SourceQuality "1"]

1. d4 Nf6 2. Bf4 c5 3. e3 cxd4 4. exd4 Nc6 5. Nf3 d5 6. h3 Bf5 7. Bd3 Ne4 8. c3
e6 9. O-O Bd6 10. Bh2 Bxh2+ 11. Kxh2 g5 12. g3 h5 13. Ng1 Qc7 14. Kg2 a6 15.
Be2 Bg6 16. Nd2 Ne7 17. Bf3 f5 18. Be2 f4 19. Nxe4 dxe4 20. f3 Qc6 21. gxf4 Nd5
22. Qc1 0-1

[Event "Madrid-ch Superveteranos +65 2019"]
[Site "Madrid ESP"]
[Date "2019.01.21"]
[Round "1.15"]
[White "Corredor Gonzalez, Angel L."]
[Black "Perales Hernandez, Manuel"]
[Result "1-0"]
[WhiteElo "1709"]
[BlackElo "1333"]
[PlyCount "75"]
[EventDate "2019.01.21"]
[EventType "swiss"]
[EventRounds "7"]
[EventCountry "ESP"]
[SourceTitle "Ajedrez en Madrid"]
[Source "lmi"]
[SourceDate "2019.01.21"]
[SourceVersion "1"]
[SourceVersionDate "2019.01.30"]
[SourceQuality "1"]

1. e4 e5 2. Nf3 Nc6 3. Bc4 Bc5 4. O-O d6 5. c3 Bd7 6. d4 Bb6 7. Ng5 Nh6 8. Qh5
Qe7 9. f4 exd4 10. f5 dxc3+ 11. Kh1 Qf6 12. Nxc3 Ne5 13. Nd5 Qd8 14. Nxb6 axb6
15. Bb3 Qe7 16. Ne6 Bxe6 17. fxe6 O-O-O 18. exf7 Rdf8 19. Bg5 Qd7 20. Bxh6 gxh6
21. Qxh6 c5 22. Be6 Nxf7 23. Bxd7+ Kxd7 24. Qg7 Rhg8 25. Rxf7+ Kc6 26. Rc7+ Kb5
27. a4+ Ka6 28. Qd7 Rf2 29. Rxb7 Ra8 30. a5 Rf1+ 31. Rxf1 Kxa5 32. Ra1+ Kb4 33.
Rxb6+ Kc4 34. Qe6+ Kd4 35. Rd1+ Ke3 36. Rb3+ Ke2 37. Qg4+ Kf2 38. Qf3# 1-0

[Event "Madrid-ch Superveteranos +65 2019"]
[Site "Madrid ESP"]
[Date "2019.01.21"]
[Round "1.16"]
[White "Martin Rodriguez, Jose Luis"]
[Black "Martinez Rubio, Felipe"]
[Result "1/2-1/2"]
[WhiteElo "1285"]
[BlackElo "1704"]
[PlyCount "101"]
[EventDate "2019.01.21"]
[EventType "swiss"]
[EventRounds "7"]
[EventCountry "ESP"]
[SourceTitle "Ajedrez en Madrid"]
[Source "lmi"]
[SourceDate "2019.01.21"]
[SourceVersion "1"]
[SourceVersionDate "2019.01.30"]
[SourceQuality "1"]

1. c4 g6 2. Nc3 c5 3. Nf3 Bg7 4. e3 e6 5. d4 cxd4 6. exd4 Ne7 7. Be2 O-O 8. O-O
d5 9. Bg5 f6 10. Be3 b6 11. a4 Bb7 12. Rb1 Kh8 13. h3 Nd7 14. Ne1 Qc8 15. b3
Nf5 16. Qd2 Nxe3 17. Qxe3 Re8 18. Qg3 a6 19. Nf3 Qd8 20. h4 Rc8 21. Nd2 e5 22.
cxd5 exd4 23. Nce4 Bxd5 24. Bf3 Ne5 25. h5 Nxf3+ 26. gxf3 Bxe4 27. Nxe4 f5 28.
Nd6 Qf6 29. Nxc8 Rxc8 30. hxg6 f4 31. Qh3 Qxg6+ 32. Qg4 Rc5 33. Qxg6 hxg6 34.
Rbc1 Rc3 35. Rxc3 dxc3 36. Rc1 Bd4 37. Kf1 Kg7 38. Ke2 Kf6 39. Kd3 Bxf2 40.
Rxc3 g5 41. Rc8 a5 42. Re8 Kf5 43. Re4 g4 44. fxg4+ Kxg4 45. Ke2 Bc5 46. Rc4
Kf5 47. Kf3 Be3 48. Re4 Bd2 49. Rc4 Be3 50. Re4 Bd2 51. Rd4 1/2-1/2

[Event "Madrid-ch Superveteranos +65 2019"]
[Site "Madrid ESP"]
[Date "2019.01.21"]
[Round "1.17"]
[White "Leniz Martinez, Francisco"]
[Black "Perez Ramos, Miguel Angel"]
[Result "1-0"]
[WhiteElo "1689"]
[BlackElo "1131"]
[PlyCount "93"]
[EventDate "2019.01.21"]
[EventType "swiss"]
[EventRounds "7"]
[EventCountry "ESP"]
[SourceTitle "Ajedrez en Madrid"]
[Source "lmi"]
[SourceDate "2019.01.21"]
[SourceVersion "1"]
[SourceVersionDate "2019.01.30"]
[SourceQuality "1"]

1. Nf3 e6 2. d4 Be7 3. e4 b6 4. Bd3 d5 5. e5 a6 6. O-O Nd7 7. Be3 c5 8. c3 c4
9. Bc2 b5 10. a3 Nb6 11. Nbd2 h6 12. Re1 Bb7 13. Nf1 Bg5 14. h3 Ne7 15. Nxg5
hxg5 16. Bxg5 g6 17. Ne3 Qd7 18. Ng4 O-O-O 19. Qf3 Rhf8 20. Bf6 Qc7 21. Bg7 Nf5
22. Bxf8 Rxf8 23. Ne3 Kb8 24. g4 Ne7 25. Qf6 Qd8 26. Qg5 Nd7 27. a4 Bc6 28.
axb5 Bxb5 29. Ba4 Re8 30. Bxb5 axb5 31. Ra6 Nb6 32. Rea1 Nec8 33. Qxd8 Rxd8 34.
R6a5 Rd7 35. Rxb5 Ra7 36. Rxa7 Kxa7 37. Ra5+ Kb7 38. h4 Na7 39. h5 Nc6 40. Ra1
gxh5 41. gxh5 Ne7 42. Kg2 Nd7 43. f4 Nf8 44. Kf3 Nh7 45. Rg1 Nf5 46. Nxf5 exf5
47. Rg7 1-0

[Event "Madrid-ch Superveteranos +65 2019"]
[Site "Madrid ESP"]
[Date "2019.01.22"]
[Round "2.1"]
[White "Martin-Consuegra Barrilero, Francisco Javier"]
[Black "Pastor Alonso De Prado, Alberto"]
[Result "0-1"]
[WhiteElo "1775"]
[BlackElo "2147"]
[PlyCount "106"]
[EventDate "2019.01.21"]
[EventType "swiss"]
[EventRounds "7"]
[EventCountry "ESP"]
[SourceTitle "Ajedrez en Madrid"]
[Source "lmi"]
[SourceDate "2019.01.21"]
[SourceVersion "1"]
[SourceVersionDate "2019.01.30"]
[SourceQuality "1"]

1. d4 d5 2. Bf4 e6 3. e3 Bd6 4. Bg3 Nf6 5. Nd2 O-O 6. Bd3 c5 7. c3 Qc7 8. Ngf3
Nbd7 9. Qe2 e5 10. dxe5 Nxe5 11. Nxe5 Bxe5 12. Bxe5 Qxe5 13. Nf3 Qh5 14. O-O-O
Bg4 15. h3 Bxf3 16. Qxf3 Qxf3 17. gxf3 Rfd8 18. Bc2 Rd6 19. e4 Re8 20. exd5
Rxd5 21. Rxd5 Nxd5 22. Be4 Nf4 23. h4 g6 24. Rd1 Re7 25. Rd6 Kg7 26. a4 h5 27.
Kd2 Ng2 28. Rd5 Nxh4 29. Rxc5 Ng2 30. Rg5 Nf4 31. Ke3 Ne6 32. Rb5 b6 33. f4 Nc5
34. Rxc5 bxc5 35. Kf3 f5 36. Bd5 a5 37. b3 Re1 38. Kg2 Kf6 39. Bc4 Rc1 40. Kh2
Rxc3 41. Kg2 h4 42. Bd5 g5 43. fxg5+ Kxg5 44. Bc4 f4 45. f3 h3+ 46. Kxh3 Rxf3+
47. Kg2 Rc3 48. Bd5 Kf5 49. Kf2 Ke5 50. Bf7 Kd4 51. Bg8 Rg3 52. Bf7 Kc3 53. Be6
Kb4 0-1

[Event "Madrid-ch Superveteranos +65 2019"]
[Site "Madrid ESP"]
[Date "2019.01.22"]
[Round "2.3"]
[White "Barahona Torrijos, Angel"]
[Black "Ciuro Muñoz, Ricardo"]
[Result "0-1"]
[WhiteElo "1735"]
[BlackElo "1994"]
[PlyCount "88"]
[EventDate "2019.01.21"]
[EventType "swiss"]
[EventRounds "7"]
[EventCountry "ESP"]
[SourceTitle "Ajedrez en Madrid"]
[Source "lmi"]
[SourceDate "2019.01.21"]
[SourceVersion "1"]
[SourceVersionDate "2019.01.30"]
[SourceQuality "1"]

1. d4 e6 2. e4 d5 3. Nc3 Bb4 4. e5 Qd7 5. Bd2 b6 6. f4 Nh6 7. Nf3 Ba6 8. Bxa6
Nxa6 9. Qe2 Nb8 10. O-O Nc6 11. a3 Be7 12. Kh1 Nf5 13. Qd3 h5 14. g3 g6 15. Nd1
Bf8 16. Ne3 Nxe3 17. Bxe3 Ne7 18. c4 dxc4 19. Qxc4 Nd5 20. Bf2 Be7 21. h4 O-O
22. Rac1 a5 23. Qc6 Rfd8 24. Nd2 a4 25. Ne4 Ra5 26. Qxd7 Rxd7 27. Nc3 Nxc3 28.
Rxc3 Rb5 29. Rc2 Rb3 30. Rfc1 Bd8 31. Kg2 Rd5 32. Re1 Kf8 33. Ree2 Ke8 34. Be3
Kd7 35. Kf3 Rxd4 36. Red2 c5 37. Kf2 Rd5 38. Rxd5+ exd5 39. Bc1 Ke6 40. Rc3 Be7
41. Kf3 Kf5 42. Rxb3 axb3 43. Be3 d4 44. Bd2 c4 0-1

[Event "Madrid-ch Superveteranos +65 2019"]
[Site "Madrid ESP"]
[Date "2019.01.22"]
[Round "2.4"]
[White "Guillen Marco, Jose Antonio"]
[Black "Ortega Morales, Pedro"]
[Result "1-0"]
[WhiteElo "1919"]
[BlackElo "1763"]
[PlyCount "79"]
[EventDate "2019.01.21"]
[EventType "swiss"]
[EventRounds "7"]
[EventCountry "ESP"]
[SourceTitle "Ajedrez en Madrid"]
[Source "lmi"]
[SourceDate "2019.01.21"]
[SourceVersion "1"]
[SourceVersionDate "2019.01.30"]
[SourceQuality "1"]

1. e4 e5 2. Nf3 Nc6 3. Bc4 Be7 4. O-O Nf6 5. Nc3 O-O 6. d3 d6 7. h3 a6 8. Nd5
Nxd5 9. Bxd5 Nb8 10. c3 Nd7 11. d4 c6 12. Bb3 b5 13. Be3 Bb7 14. Qe2 Qc7 15.
Nd2 d5 16. f4 exd4 17. cxd4 dxe4 18. Nxe4 Nf6 19. Nc5 Rad8 20. f5 Bxc5 21. dxc5
Rfe8 22. Qf3 Rd3 23. Qf4 Qe7 24. Bd4 Qd8 25. Rad1 Rxd1 26. Rxd1 Nd5 27. Qg3 f6
28. Re1 Rxe1+ 29. Qxe1 Kf8 30. Qe6 Qe7 31. Bxd5 cxd5 32. c6 Qxe6 33. cxb7 Qd6
34. Ba7 Ke7 35. b8=Q Qxb8 36. Bxb8 Kd7 37. Kf2 Kc6 38. Ke3 a5 39. Kd4 b4 40.
Ba7 1-0